| 000 -LEADER |
| fixed length control field |
00589nam a2200217Ia 4500 |
| 001 - CONTROL NUMBER |
| control field |
2351 |
| 003 - CONTROL NUMBER IDENTIFIER |
| control field |
GE_BSU |
| 005 - DATE AND TIME OF LATEST TRANSACTION |
| control field |
20221027130619.0 |
| 008 - FIXED-LENGTH DATA ELEMENTS--GENERAL INFORMATION |
| fixed length control field |
181216s2009bu xx |||||||||||||| ||bul|| |
| 040 ## - CATALOGING SOURCE |
| Transcribing agency |
GE_BSU |
| 041 ## - LANGUAGE CODE |
| Language code of text/sound track or separate title |
bul |
| 080 ## - UNIVERSAL DECIMAL CLASSIFICATION NUMBER |
| Universal Decimal Classification number |
327(479.2) W-81 |
| 100 ## - MAIN ENTRY--PERSONAL NAME |
| Personal name |
Kristina Popova и др. |
| 9 (RLIN) |
15580 |
| 245 ## - TITLE STATEMENT |
| Title |
Women and minorities:Ways of archiving |
| Remainder of title |
Vol.1 |
| Statement of responsibility, etc. |
Popova Kristina и др. |
| 264 ## - PRODUCTION, PUBLICATION, DISTRIBUTION, MANUFACTURE, AND COPYRIGHT NOTICE |
| Place of production, publication, distribution, manufacture |
Sofia, |
| Name of producer, publisher, distributor, manufacturer |
2009. |
| 300 ## - PHYSICAL DESCRIPTION |
| Extent |
293 c. : |
| Other physical details |
24 cm. |
| 653 ## - INDEX TERM--UNCONTROLLED |
| keyword |
Ways of archiving. |
| 653 ## - INDEX TERM--UNCONTROLLED |
| keyword |
Women and minorities |
| 653 ## - INDEX TERM--UNCONTROLLED |
| keyword |
პლოიტიკა |
| 942 ## - ADDED ENTRY ELEMENTS (KOHA) |
| Koha item type |
წიგნი |
| Source of classification or shelving scheme |
|